| 000 | 00344nam a2200133Ia 4500 | ||
|---|---|---|---|
| 008 | 150201s2010 xx 000 0 und d | ||
| 082 |
_a616.01 _bA10P |
||
| 100 | _aPREMMERVILLE, J.C. | ||
| 245 | _aALCAMO,S FUNDAMENTALS OF MICROBIOLOGY | ||
| 260 |
_bJONES & BARTLETT _aCANADA _c2010 |
||
| 300 | _a1-914 | ||
| 650 | _aMICROBIOLOGY | ||
| 942 |
_2ddc _cBK |
||
| 999 |
_c283 _d283 |
||